Várakozások és innováció az Európai Unióban összefüggések, folyamatok, hatások /

Elmentve itt :
Bibliográfiai részletek
Szerzők: Laczi Renáta
London András
Pelle Anita
Végh Marcell Zoltán
Dokumentumtípus: Könyv része
Megjelent: JATE Press Szegedi Egyetemi Kiadó Szeged 2016
Sorozat:Térségek versenyképessége, intelligens szakosodása és újraiparosodása
Tárgyszavak:
mtmt:3098732
Online Access:http://publicatio.bibl.u-szeged.hu/26938
LEADER 01042naa a2200253 i 4500
001 publ26938
005 20230411083352.0
008 230411s2016 hu o 0|| Magyar d
020 |a 9789633152904 
024 7 |a 3098732  |2 mtmt 
040 |a SZTE Publicatio Repozitórium  |b hun 
041 |a Magyar 
100 1 |a Laczi Renáta 
245 1 0 |a Várakozások és innováció az Európai Unióban  |h [elektronikus dokumentum] :  |b összefüggések, folyamatok, hatások /  |c  Laczi Renáta 
260 |a JATE Press Szegedi Egyetemi Kiadó  |b Szeged  |c 2016 
300 |a 24 
300 |a 79-102 
490 0 |a Térségek versenyképessége, intelligens szakosodása és újraiparosodása 
650 4 |a Közgazdasági és gazdálkodástudományok 
700 0 1 |a London András  |e aut 
700 0 1 |a Pelle Anita  |e aut 
700 0 1 |a Végh Marcell Zoltán  |e aut 
856 4 0 |u http://publicatio.bibl.u-szeged.hu/26938/1/download.phpdocID59324  |z Dokumentum-elérés  
856 4 0 |u http://publicatio.bibl.u-szeged.hu/26938/2/3098732_c%C3%ADmlap_tartalom.pdf  |z Dokumentum-elérés